000 00683nam a2200241 i 4500
001 bg
100 1 _aSIMO, Juan C.
_d(1952-1994)
245 1 0 _aComputational inelasticity /
_cJ.
_nC. Simo, T. J.
_nR. Hughes.
260 _aNew York :
_bSpringer,
_c1997.
300 _aXVI, 392 s. :
_brys., wykr. ;
_c23 cm.
490 1 _vVol.7
504 _aBibliogr. s. 375-388. - Indeks.
650 9 _aSprężystość
_xteoria
650 9 _aAnaliza numeryczna
_xstosowanie
700 1 _aHUGHES, Thomas J. R.
020 _a0387975209
040 _cBPK
041 0 _aen
080 _a539.3:519.61/.65
920 _a0-387-97520-9
942 _cKS
008 s pl f |000 0 pol
999 _c33846
_d33846
856 _uhttp://koha.tu.koszalin.pl/cgi-bin/koha/opac-detail.pl?biblionumber=33846
_yKatalog online BPK